K novele zákona o spotrebnej dani z vína

Dňa 4. okt. 2001 schválil parlament zákon č. 430/2001 Z.z., ktorým sa mení a dopĺňa zákon č. 309/1993 Z.z. o spotrebnej dani z vína v znení neskorších predpisov. Hlavným zámerom novely zákony o spotrebnej dani z vína bola úprava sadzby dane u tichého vína na nulovú sadzbu pri jeho zachovaní ako pred...

Full description

Saved in:
Bibliographic Details
Main Author: Šubík, Peter
Format: Book Chapter
Language:Slovak
Subjects:
Tags: Add Tag
No Tags, Be the first to tag this record!

MARC

LEADER 00000naa a2200000 4500
001 r044255
005 20230919092928.3
041 0 |a slo 
044 |a SK 
245 1 0 |a K novele zákona o spotrebnej dani z vína  |c Peter Šubík 
520 |a Dňa 4. okt. 2001 schválil parlament zákon č. 430/2001 Z.z., ktorým sa mení a dopĺňa zákon č. 309/1993 Z.z. o spotrebnej dani z vína v znení neskorších predpisov. Hlavným zámerom novely zákony o spotrebnej dani z vína bola úprava sadzby dane u tichého vína na nulovú sadzbu pri jeho zachovaní ako predmetu dane, s cieľom podporiť výrobu vína v Slovenskej republike. 
610 2 0 |a dane spotrebné 
610 2 0 |a víno 
610 2 0 |a sadzby daňové 
610 2 0 |a úpravy právne 
610 2 0 |a novelizácia 
610 2 0 |a Slovensko 
610 2 0 |a 2001 
100 1 |a Šubík, Peter